000 00461nam a2200181Ia 4500
005 20250508160858.0
008 008 250505s9999 xx 000 0 hin d
037 _aReference
040 _aFEDL
_beng
_cFEDL
041 _ahin
_2eng
084 _a370.9, KIN
_qFEDL
100 _aKing Edmund
245 0 _aVidyalaya shiksha ka tulnatmak addhyan
260 _c1973
300 _a479p.
942 _cREF
_h370.9, KIN
999 _c1367141
_d1367141